| 000 | 01507nam0a2200313 4500 | ||
|---|---|---|---|
| 001 | RU\NLR\BIBL_A\011689178 | ||
| 005 | 20260405100540.0 | ||
| 035 | _a(NLR Aleph) 011689178 | ||
| 090 |
_a11328967 _c11328967 |
||
| 100 | _a20180425d1985 |||y0rusy50 ca | ||
| 101 | 0 | _arus | |
| 102 | _aRU | ||
| 105 | _aa z 000zy | ||
| 200 | 1 |
_aИнженерно-физический метод проектирования активных элементов биполярных БИС _fВ.В. Абрамов, В.В. Беляков, Е.Л. Козиоров [и др.] |
|
| 210 |
_aМосква _cМИФИ _d1985 |
||
| 215 |
_a44 с. _cил. _d20 |
||
| 225 | 1 |
_aПрепринт _fМ-во высш. и сред. спец. образования СССР, Моск. инж.-физ. ин-т _v016-85 |
|
| 320 | _aБиблиогр.: с. 42-43 | ||
| 606 |
_aБольшие интегральные схемы _xПроектирование _92299501 _3RU\NLR\AUTH\661376777 |
||
| 606 |
_aБиполярные интегральные схемы _xПроектирование _92378325 _3RU\NLR\AUTH\6601640319 |
||
| 686 | 1 | _aЗ844.15-02 | |
| 701 | 1 |
_8rus _7ca _aАбрамов _bВ. В. _cд-р физ.-мат. наук _gВиктор Владимирович _3RU\NLR\AUTH\7736708 _919697 |
|
| 701 | 1 |
_aБеляков _bВ.В. |
|
| 701 | 1 |
_aКозиоров _bЕ.Л. |
|
| 852 |
_aNLR _j85-4/40115 |
||
| 942 | _cBOOK | ||
| 980 | _aNB | ||